Introduction to nuclear physics and chemistry (Record no. 3291)

MARC details
000 -LEADER
fixed length control field 00450nam a2200169 4500
007 - PHYSICAL DESCRIPTION FIXED FIELD--GENERAL INFORMATION
fixed length control field 0000
008 - FIXED-LENGTH DATA ELEMENTS--GENERAL INFORMATION
fixed length control field 0000
040 ## - CATALOGING SOURCE
Original cataloging agency UOELD
050 ## - LIBRARY OF CONGRESS CALL NUMBER
Classification number QC777
Item number .H37
100 ## - MAIN ENTRY--PERSONAL NAME
Personal name Harvey, Bernard
245 ## - TITLE STATEMENT
Title Introduction to nuclear physics and chemistry
Statement of responsibility, etc Bernard, G. Harvey
260 ## - PUBLICATION, DISTRIBUTION, ETC. (IMPRINT)
Place of publication, distribution, etc New Jersey :
Name of publisher, distributor, etc Prentice Hall, Inc;
Date of publication, distribution, etc 1962
300 ## - PHYSICAL DESCRIPTION
Extent x, 370 p. :
Other physical details ill :
500 ## - GENERAL NOTE
General note Includes Index
650 ## - SUBJECT ADDED ENTRY--TOPICAL TERM
Topical term or geographic name as entry element Physics
General subdivision Nuclear physics
-- Chemistry
942 ## - ADDED ENTRY ELEMENTS (KOHA)
Source of classification or shelving scheme Library of Congress Classification
Item type Loan - Normal on open shelf
Holdings
Withdrawn status Lost status Source of classification or shelving scheme Damaged status Not for loan Home library Current library Shelving location Date acquired Total Checkouts Full call number Barcode Date last seen Copy number Price effective from Koha item type
    Library of Congress Classification     UOE Main Library UOE Main Library Open shelf 27/03/2015   QC777 .H37 30001188 27/04/2026 30001188 27/03/2015 Loan - Normal on open shelf